000 00687pam a2200253 a 4500
999 _c7837
_d7837
001 7837
003 BD-JhCC
005 20181003173738.0
008 181024s2009 vraa 001 0 eng
020 _a9781843404132
035 _a(BD-JhCC)7837
040 _aANL
_dANL
_dBD-JhCC
041 _aeng
082 0 4 _a641.503
_222
_bFOO 2009
245 1 0 _aFood Encyclopedia /
_cGood Housekeeping Institute
260 _aMelbourne :
_bCollings & Brown,
_c2009.
300 _a464 p. :
_bill. (some col.) ;
_c29 cm.
500 _aIncludes index.
650 0 _aCooking.
650 0 _aFood
_vDictionaries.
710 _aGood Housekeeping Institute
942 _2ddc
_cBK